000 00668nam a2200241Ia 4500
003 OSt
005 20220918174040.0
006 a|||||r|||| 00| 0
007 ta
008 220917b |||||||| |||| 00| 0 eng d
024 _a10,185
037 _cTextual
040 _aARTS
_cARTS
_beng
041 _2eng
_aeng
082 _aQ7:33w, M2 (P15)
100 _aNadwi Abul Hasan Ali
_948906
245 0 _aPathway to medina tr by Mohammed Asif Kidwai
260 _aLucknow
_bIslamic Research and Pub
_c1982
300 _a166p.
_ccm.
650 _aRELIGION
942 _hQ7:33w, M2 (P15)
_cTEXL
_2CC
999 _c151559
_d151559